Nové výzvy pre slovenský poisťovací sektor
Predstavenie hlavných aktivít asociácie týkajúcich sa legislatívnych a iných návrhov na medzinárodnej a národnej úrovni. Nové výzvy pre slovenský poisťovací sektor. Zákaz diskriminácie z dôvodu zdravotného postihnutia. Solventnosť II. Garančné schémy v poisťovníctve. Konkurenčné produkty. Poistná zm...
Gespeichert in:
| 1. Verfasser: | |
|---|---|
| Format: | Buchkapitel |
| Sprache: | Slowakisch |
| Schlagworte: | |
| Tags: |
Keine Tags, Fügen Sie das erste Tag hinzu!
|
MARC
| LEADER | 00000nla$a2200000$$$4500 | ||
|---|---|---|---|
| 001 | 0077838 | ||
| 005 | 20221207083725.2 | ||
| 041 | 0 | |a slo | |
| 044 | |a SK | ||
| 245 | 1 | 0 | |a Nové výzvy pre slovenský poisťovací sektor |c Petra Mušková |
| 520 | |a Predstavenie hlavných aktivít asociácie týkajúcich sa legislatívnych a iných návrhov na medzinárodnej a národnej úrovni. Nové výzvy pre slovenský poisťovací sektor. Zákaz diskriminácie z dôvodu zdravotného postihnutia. Solventnosť II. Garančné schémy v poisťovníctve. Konkurenčné produkty. Poistná zmluva. | ||
| 610 | 2 | 0 | |a poistenie |
| 610 | 2 | 0 | |a asociácie |
| 610 | 2 | 0 | |a zmluvy poistné |
| 610 | 2 | 0 | |a riziko |
| 100 | 1 | |a Mušková, Petra | |